Methods in behavioural research / (Record no. 47268)

MARC details
000 -LEADER
fixed length control field 00568nam a2200205Ia 4500
005 - DATE AND TIME OF LATEST TRANSACTION
control field 20260122095407.0
008 - FIXED-LENGTH DATA ELEMENTS--GENERAL INFORMATION
fixed length control field 260121s9999||||xx |||||||||||||| ||und||
020 ## - INTERNATIONAL STANDARD BOOK NUMBER
International Standard Book Number 9781307567281
082 ## - DEWEY DECIMAL CLASSIFICATION NUMBER
Classification number 150.72
Item number RAB
100 ## - MAIN ENTRY--PERSONAL NAME
Personal name Rabeling, Inge
245 #0 - TITLE STATEMENT
Title Methods in behavioural research /
Statement of responsibility, etc Inge Rabeling
250 ## - EDITION STATEMENT
Edition statement 14th ed.
260 ## - PUBLICATION, DISTRIBUTION, ETC. (IMPRINT)
Place of publication, distribution, etc New York :
Name of publisher, distributor, etc Mcgraw-Hill,
Date of publication, distribution, etc 2020.
300 ## - PHYSICAL DESCRIPTION
Extent iii, 188p.; pbk
650 ## - SUBJECT ADDED ENTRY--TOPICAL TERM
Topical term or geographic name as entry element Behavioral research
650 ## - SUBJECT ADDED ENTRY--TOPICAL TERM
Topical term or geographic name as entry element Psychology—Methodology
650 ## - SUBJECT ADDED ENTRY--TOPICAL TERM
Topical term or geographic name as entry element Research design
700 ## - ADDED ENTRY--PERSONAL NAME
Personal name Radboud University Nijmegen
942 ## - ADDED ENTRY ELEMENTS (KOHA)
Koha item type Text Books
Holdings
Date last seen Total Checkouts Full call number Barcode Price effective from Koha item type Lost status Damaged status Not for loan Collection code Withdrawn status Home library Current library Shelving location Date acquired Source of acquisition
22/01/2026   150.72 RAB 52715 22/01/2026 Text Books       Non-fiction   CUTN Central Library CUTN Central Library Philosophy & psychology 22/01/2026 T. R. Publications, Chennai - Invoice No. - TRPHO/2024/CRB/369 on 06-03-2025